Merit pay for school support staff /

Bibliographic Details
Corporate Author: Educational Research Service (Arlington, Va.)
Other Authors: Porwoll, Paul J.
Format: Book
Language:English
Published: Arlington, Va. : Educational Research Service, [1979]
Series:ERS report.
Subjects:

MARC

Tag First Indicator Second Indicator Subfields
LEADER 00000cam a2200000 a 4500
001 in00000089740
005 20151008065518.0
008 790920s1979 vau b 00000 eng d
035 |a (OCoLC)05392476 
035 |9 AAK6081AM 
040 |a YGM  |c YGM  |d m.c.  |d TXA  |d UtOrBLW 
043 |a n-us--- 
049 |a TXAM  |c [444309] 
090 |a LB2842.2  |b .M47 
245 0 0 |a Merit pay for school support staff /  |c [study conducted and reported by Paul J. Porwoll]. 
264 1 |a Arlington, Va. :  |b Educational Research Service,  |c [1979] 
264 4 |c ©1979 
300 |a iv, 55 pages ;  |c 28 cm. 
336 |a text  |b txt  |2 rdacontent 
337 |a unmediated  |b n  |2 rdamedia 
338 |a volume  |b nc  |2 rdacarrier 
490 1 |a ERS report 
504 |a Bibliography: pages 52-55. 
650 0 |a School employees  |x Salaries, etc.  |z United States. 
700 1 |a Porwoll, Paul J. 
710 2 |a Educational Research Service (Arlington, Va.) 
830 0 |a ERS report. 
999 |a MARS 
999 f f |s 9bc4fb80-6438-30ff-b8a5-044f6ca78083  |i 6a86b1fd-ad9f-3923-aeba-75a7116f1272  |t 0 
952 f f |p normal  |a Texas A&M University  |b College Station  |c Sterling C. Evans Library  |d Evans: Library Stacks  |t 0  |e LB2842.2 .M47  |h Library of Congress classification  |i unmediated -- volume  |m A14806162433 
998 f f |a LB2842.2 .M47  |t 0  |l Evans: Library Stacks